000 00258nam a2200109Ia 4500
008 190216s9999||||xx |||||||||||||| ||und||
100 _aPadmanabhan T
245 0 _aMalayalam-Oru Kathakrith Kurishil
260 _bDc Books
650 _aMalayalam
942 _cBK
999 _c26074
_d26074